| 000 | 01306nam a22003254a 4500 | ||
|---|---|---|---|
| 001 | ebr10015436 | ||
| 003 | CaPaEBR | ||
| 006 | m u | ||
| 007 | cr cn||||||||| | ||
| 008 | 001129s2001 cau sb 000 0 eng | ||
| 010 | _z 00068399 | ||
| 020 | _z0833029320 (pbk.) | ||
| 040 |
_aCaPaEBR _cCaPaEBR |
||
| 035 | _a(OCoLC)49851739 | ||
| 050 | 1 | 4 |
_aLB2822.82 _b.B638 2001eb |
| 082 | 0 | 4 |
_a379.1/5 _221 |
| 100 | 1 | _aBodilly, Susan J. | |
| 245 | 1 | 0 |
_aNew American Schools' concept of break-the-mold designs _h[electronic resource] : _bhow designs evolved and why / _cSusan Bodilly. |
| 260 |
_aSanta Monica, CA : _bRand, _c2001. |
||
| 300 | _axxii, 139 p. | ||
| 500 | _a"MR-1288-NAS." | ||
| 504 | _aIncludes bibliographical references (p. 133-139). | ||
| 533 |
_aElectronic reproduction. _bPalo Alto, Calif. : _cebrary, _d2013. _nAvailable via World Wide Web. _nAccess may be limited to ebrary affiliated libraries. |
||
| 610 | 2 | 0 | _aNew American Schools (Organization) |
| 650 | 0 |
_aSchool improvement programs _zUnited States _xEvaluation. |
|
| 650 | 0 |
_aEducational change _zUnited States. |
|
| 655 | 7 |
_aElectronic books. _2local |
|
| 710 | 2 | _aebrary, Inc. | |
| 856 | 4 | 0 |
_uhttp://site.ebrary.com/lib/rucke/Doc?id=10015436 _zAn electronic book accessible through the World Wide Web; click to view |
| 999 |
_c11707 _d11707 |
||